Statistics for Countries Named After People #2

Click here to take the quiz!

General Stats

  • This quiz has been taken 149 times
    (148 since last reset)
  • The average score is 8 of 10

Answer Stats

Person who gave a name To this country % Correct
Simon BolivarBolivia
99%
Mohammed al SaudSaudi Arabia
98%
Princely family of LiechtensteinLiechtenstein
95%
Christopher ColumbusColombia
94%
Jean Moreau de SechellesSeychelles
94%
Saint Vincent of SaragossaSaint Vincent and the Grenadines
89%
King Solomon of Israel and JudahSolomon Islands
81%
Saint GeorgeGeorgia
74%
Saint Thomas and Prince of PortugalSao Tome and Principe
61%
JesusEl Salvador
35%

Score Distribution

Percentile by Number Answered

Percent of People with Each Score

Your Score History

You have not taken this quiz since the last reset